| 000 | 00518nam a22002057a 4500 | ||
|---|---|---|---|
| 003 | OSt | ||
| 005 | 20180116183018.0 | ||
| 008 | 151027b xxu||||| |||| 00| 0 eng d | ||
| 020 | _a9798131704720 | ||
| 040 | _c0 | ||
| 082 | _a658.4038 WEB 2006 | ||
| 100 | _aRon Weber | ||
| 245 |
_aInformation System Control and Audit _cRon Weber |
||
| 260 |
_aIndia _bPearson _c2006 |
||
| 300 |
_a1051 _bPB |
||
| 440 | _aInformation System Control and Audit | ||
| 600 | _aRon Weber | ||
| 700 | _aRon Weber | ||
| 942 |
_2ddc _cBK |
||
| 999 |
_c350485 _d350485 |
||